| 000 | 00492nam a2200193Ia 4500 | ||
|---|---|---|---|
| 003 | GCL | ||
| 008 | 140319s9999 xx 000 0 eng d | ||
| 040 |
_aGCL / _cGCL |
||
| 082 | 0 | 4 |
_a657.45 _bD A |
| 100 | 1 | _aDUNN, JOHN M. | |
| 245 | 1 | 0 |
_aAUDITING: THEORY AND PRACTICE / _cDUNN, JOHN M. |
| 260 |
_a[S.N] : _bPRENTICE HALL ، _c1996 |
||
| 300 | _a313 P | ||
| 650 | 0 | 4 | _aAUDITING |
| 650 | 0 | 4 | _aAUDITING - THEORY |
| 650 | 0 | 4 | _aAUDITING - PRACTICE |
| 650 | 0 | 4 | _aACCOUNTING |
| 942 |
_2ddc _cBK |
||
| 999 |
_c13207 _d13207 |
||